000 01055cam a2200133 4500500
005 20251214004344.0
041 _afre
042 _adc
100 1 0 _aSardou, Romain
_eauthor
245 0 0 _aLa France du temps des Cathédrales
260 _bArmand Colin,
_c2022.
520 _aL’auteur nous raconte sa vision du Moyen Âge du VIIe au XVe siècle en revenant sur les idées reçues que les historiens ont donné de cette période. Il prend la parole à la manière de Lavisse et coupe le récit de réflexions libres sur le sujet. Toutes les thématiques sont ainsi explorées : contexte historique, place de la femme, amour, prémices de la Renaissance, mais aussi bien sûr l’importance des bâtisseurs de cathédrales, des ordres monastiques et des croisades. Il rappelle in fine que de là date l’acte de naissance de la France et que le Moyen Âge est toujours d’actualité malgré ce qu’on peut en penser.
856 4 1 _uhttps://shs.cairn.info/la-france-du-temps-des-cathedrales--9782200629090?lang=fr&redirect-ssocas=7080
999 _c1568476
_d1568476